Le temple de dendara

محفوظ في:

التنسيق: كتاب

اللغة: Undetermined

منشور في: Cairo 2007

الوسوم: إضافة وسم

لا توجد وسوم, كن أول من يضع وسما على هذه التسجيلة!

رقم الطلب: (F) DT73.D4 C5

LEADER 00373nam a2200121Ia 4500
008 230909s9999||||xx |||||||||||||| ||und||
050 4 |a (F) DT73.D4 C5  
245 1 0 |a Le temple de dendara  
264 1 |a Cairo  |c 2007  
300 |c 35cm  
942 |2 lcc  |c BK 
952 |0 0  |1 0  |2 lcc  |4 0  |7 1  |9 50001  |a ARCE  |b ARCE  |d 2023-09-09  |l 0  |o (F) DT73.D4 C5   |r 2023-09-09 00:00:00  |w 2023-09-09  |y BK 
999 |c 54624  |d 54624